Study guide: management
Αποθηκεύτηκε σε:
| Κύριος συγγραφέας: | |
|---|---|
| Μορφή: | Βιβλίο |
| Γλώσσα: | Αγγλικά |
| Έκδοση: |
Boston
Houghton Mifflin
1982
|
| Έκδοση: | 4a. ed |
| Θέματα: | |
| Ετικέτες: |
Προσθήκη ετικέτας
Δεν υπάρχουν, Καταχωρήστε ετικέτα πρώτοι!
|
MARC
| LEADER | 00000nam a2200000 a 4500 | ||
|---|---|---|---|
| 001 | UCR9226 | ||
| 003 | CL-VaPUC | ||
| 008 | 980613e19820000US |||||||||||||||||eng|d | ||
| 082 | 0 | 4 | |a 658 |b SIM |2 21 |
| 100 | 0 | |a Simpson, Douglas B |e author |9 411511 | |
| 245 | 1 | 0 | |a Study guide: management |
| 250 | |a 4a. ed | ||
| 300 | |a 275 p | ||
| 942 | |c BK | ||
| 945 | |d 19980613 00:00:00 |a cmena | ||
| 260 | |a Boston |b Houghton Mifflin |c 1982 | ||
| 650 | 0 | |a Administración de empresas |9 260833 | |
| 650 | 0 | |a Administración del personal |9 260442 | |
| 650 | 0 | |a Comportamiento |9 308406 | |
| 650 | 0 | |a Estructura organizacional |9 390800 | |
| 650 | 7 | |a CONDUCTA ORGANIZACIONAL |2 CL-VaPUC |9 263671 | |
| 650 | 0 | |a Recursos humanos |9 228420 | |
| 650 | 7 | |a MEDIO AMBIENTE LABORAL |2 CL-VaPUC |9 380233 | |
| 650 | 0 | |a Planificación estratégica |9 259735 | |
| 650 | 0 | |a Toma de decisiones |9 257530 | |
| 650 | 0 | |a Control |9 330602 | |
| 583 | |a last modification |c 19980613 00:00:00 |k Rodrigo Vera | ||
| 999 | |c 270428 |d 270426 | ||
| 952 | |0 0 |1 0 |4 0 |6 658_000000000000000_SIM_1982 |7 0 |8 A |9 304715 |a BIBGIM |b BIBGIM |d 2019-11-20 |i 1410938 |o 658 SIM 1982 |p 1410938 |r 2025-01-15 |w 2019-11-20 |y BK |k COM | ||